| 000 | 00606nam a22002057a 4500 | ||
|---|---|---|---|
| 005 | 20251108171745.0 | ||
| 008 | 250721s1988 xx 000 0 ara d | ||
| 082 | 1 | 4 | _aط/211.81 |
| 100 | 1 | _aحسن، محمد كامل | |
| 245 | 1 | 0 | _aالنار الباردة / |
| 264 | 1 |
_aبيروت : _bمكتب العالمي للطباعة، _c1988. |
|
| 300 | _a95ص | ||
| 490 | 0 | _aقصص من القرآن الكريم | |
| 650 | 1 | 7 | _aقصص القرآن |
| 650 | 1 | 7 | _aالمعجزات |
| 650 | 1 | 7 | _aالأنبياء |
| 653 | _aناشئون كبار (15-18 سنة) | ||
| 942 |
_2ddc _cBK |
||
| 999 |
_c61749 _d61749 |
||